Central Library OPAC University of Rajshahi

Moderating effects of Family, types of childbirth, residence and socioeconomic status on postpartum depression / (Record no. 81033)

MARC details
000 -LEADER
fixed length control field 00936nam a22002417a 4500
001 - CONTROL NUMBER
RUCL Control Number 81033
003 - CONTROL NUMBER IDENTIFIER
rucl marc code BD-RjUL
005 - DATE AND TIME OF LATEST TRANSACTION
control field 20230108123456.0
008 - FIXED-LENGTH DATA ELEMENTS--GENERAL INFORMATION
fixed length control field 230108s2012 bg a|||| m||| 00| 0 eng d
035 ## - SYSTEM CONTROL NUMBER
system control number (BD-RjUL)81033
040 ## - CATALOGING SOURCE
Original cataloging agency BD-RjUL
Language of cataloging eng
Transcribing agency BD-RjUL
Modifying agency BD-RjUL
041 ## - LANGUAGE CODE
Language code of Book eng
082 ## - DEWEY DECIMAL CLASSIFICATION NUMBER
DDC Edition number 23
Classification number 618.76
Author mark and Year ISM 2012
100 ## - MAIN ENTRY--PERSONAL NAME
Personal name Islam, Md. Shariful
9 (RLIN) 1825
245 10 - TITLE STATEMENT
Title Moderating effects of Family, types of childbirth, residence and socioeconomic status on postpartum depression /
Statement of responsibility, etc By Md. Shariful Islam ;
Name of Supervisor/Co-Supervisor Supervisor : Shahuria, Enam
260 ## - PUBLICATION, DISTRIBUTION, ETC. (IMPRINT)
Place of publication, distribution, etc Rajshahi :
Name of publisher, distributor, etc Department of Psychology, University of Rajshahi,
Date of publication, distribution, etc 2012
300 ## - PHYSICAL DESCRIPTION
Pagination ix, 243 leaves :
Other physical details ill, ;
Dimensions 29.cm.
502 ## - DISSERTATION NOTE
Dissertation note Thesis (Ph. D.) -- Department of Psychology, University of Rajshahi, 2012
504 ## - BIBLIOGRAPHY, ETC. NOTE
Bibliography, etc References : Leaves 204 - 243
650 ## - SUBJECT ADDED ENTRY--TOPICAL TERM
Topical term or geographic name as entry element Postpartum depression
Form subdivision Gynecology
9 (RLIN) 6481
700 ## - ADDED ENTRY--SUPERVISOR/CO-SUPERVISOR NAME
Personal name Enam, Shahuria, Supervisor
9 (RLIN) 6482
942 ## - ADDED ENTRY ELEMENTS (KOHA)
Source of classification or shelving scheme Dewey Decimal Classification
Koha item type Theses
Holdings
Source of classification or shelving scheme Damaged status Not for loan Collection code Permanent Location Current Location Shelving location Date of accession Source of acquisition Total Checkouts Full call number Barcode Date last seen Copy number Thesis
Dewey Decimal Classification   Not For Loan Theses Central Library, University of Rajshahi Central Library, University of Rajshahi Documentation Section 24/10/2019 Controller of Exam. R.U.   THE 618.76 ISM 2012 D3526 08/01/2023 C-1 Theses